Multi-sectoral study of economic growth (Record no. 204682)

MARC details
000 -LEADER
fixed length control field 00411nam a2200169Ia 4500
008 - FIXED-LENGTH DATA ELEMENTS--GENERAL INFORMATION
fixed length control field 230917s9999||||xx |||||||||||||| ||und||
020 ## - ISBN
Price FL65
040 ## - CATALOGING SOURCE
-- 18822
Original cataloging agency VIVEKANANDA LIBRARY
041 ## - Language
-- English
082 ## - DDC NUMBER
Classification number 330.9 J599M
100 ## - MAIN ENTRY--PERSONAL NAME
Personal name Johansen, Leif
245 #0 - TITLE STATEMENT
Title Multi-sectoral study of economic growth
250 ## - EDITION STATEMENT
Edition statement 2nd ed.
260 ## - PUBLICATION, DISTRIBUTION, ETC. (IMPRINT)
Place of publication, distribution, etc Amsterdam
Name of publisher, distributor, etc North-Holland
Date of publication, distribution, etc 1976
300 ## - PHYSICAL DESCRIPTION
Pages 266 p.
942 ## - ADDED ENTRY ELEMENTS (KOHA)
Koha item type Books
Holdings
Withdrawn status Lost status Damaged status Not for loan Location (home branch) Sublocation or collection (holding branch) Date acquired Koha issues (times borrowed) Koha full call number Accession No. Koha date last seen Koha item type
        VIVEKANANDA LIBRARY VIVEKANANDA LIBRARY 08/08/2002   330.9 J599M 65411 17/09/2023 Books
© Designed and Maintained by Vivekananda Library, MDU Rohtak